[Event "Stevenage 4NCL Easter op"]
[Site "Stevenage"]
[Date "2019.04.21"]
[Round "5"]
[White "McCullough, Simon L"]
[Black "Eames, Robert"]
[Result "1-0"]
[WhiteElo "2083"]
[BlackElo "2134"]
[PlyCount "103"]
[EventDate "2019.04.19"]
[EventType "swiss"]
[EventRounds "7"]
[EventCountry "ENG"]
[SourceTitle "CBM 189 Extra"]
[Source "ChessBase"]
[SourceDate "2019.06.03"]
[SourceVersion "1"]
[SourceVersionDate "2019.06.03"]
[SourceQuality "1"]

1. Nf3 c5 2. g3 Nc6 3. d4 cxd4 4. Nxd4 g6 5. Bg2 Bg7 6. Nb3 Nf6 7. 0-0 0-0 8. c4 a5 9. Nc3 a4 10. Nd4 Nxd4 11. Qxd4 d6 12. Qh4 a3 13. Bf3 Nd7 14. Rb1 Ne5 15. Nd5 f6 16. bxa3 g5 17. Qd4 Ra6 18. c5 f5 19. Qb4 Nc6 20. Qc4 e6 21. Nb4 d5 22. Qc2 Nd4 23. Qd2 g4 24. Bg2 Ra5 25. Bb2 Nb5 26. Bxg7 Kxg7 27. Rb3 d4 28. c6 b6 29. c7 Qf6 30. Nc6 Nc3 31. Nxa5 bxa5 32. Rb8 Qe5 33. Qg5+ Kf7 34. Qd8 Nxe2+ 35. Kh1 Rxd8 36. cxd8Q Qxb8 37. f3 h5 38. fxg4 hxg4 39. a4 Qb7 40. Rc1 Nxc1 41. Bxb7 Bxb7+ 42. Kg1 Ne2+ 43. Kf2 Bf3 44. Qxa5 Kf6 45. Qd8+ Ke5 46. h4 Nc3 47. h5 Ne4+ 48. Ke1 f4 49. h6 fxg3 50. h7 g2 51. h8Q+ Kf4 52. Qdxd4 1-0

[Event "GBR-ch 100th"]
[Site "Torquay"]
[Date "2013.07.31"]
[Round "3"]
[White "McCullough, Simon L"]
[Black "Harvey, Marcus Ross"]
[Result "1/2-1/2"]
[WhiteElo "2076"]
[BlackElo "2202"]
[PlyCount "117"]
[EventDate "2013.07.29"]
[EventType "swiss"]
[EventRounds "11"]
[EventCountry "ENG"]
[SourceTitle "CBM 155 Extra"]
[Source "ChessBase"]
[SourceDate "2013.08.26"]
[SourceVersion "1"]
[SourceVersionDate "2013.08.26"]
[SourceQuality "1"]

1. e4 e6 2. d4 d5 3. exd5 exd5 4. Nf3 Bd6 5. Bd3 Ne7 6. h3 Bf5 7. 0-0 Qd7 8. Re1 Nbc6 9. c3 h6 10. b4 0-0 11. Nh4 Bxd3 12. Qxd3 g5 13. Nf3 Qf5 14. Qxf5 Nxf5 15. b5 Na5 16. g4 Ng7 17. Ba3 Rfe8 18. Bxd6 cxd6 19. Na3 Rac8 20. Rxe8+ Nxe8 21. Rc1 Ng7 22. Ne1 f5 23. Nd3 fxg4 24. hxg4 Ne6 25. Kf1 Kg7 26. Ke2 Rf8 27. Ke3 Nc4+ 28. Nxc4 dxc4 29. d5 Nc7 30. Nb2 Nxd5+ 31. Kd4 Nb6 32. Ke3 Re8+ 33. Kf3 d5 34. a4 Nd7 35. Rd1 Nf6 36. a5 Re4 37. Na4 Rf4+ 38. Ke2 Nxg4 39. f3 Ne5 40. Nc5 Rf7 41. Rxd5 Nxf3 42. Rd7 Rxd7 43. Nxd7 g4 44. Nc5 b6 45. axb6 axb6 46. Nd7 Kf7 47. Nxb6 Ne5 48. Na8 Nd7 49. b6 Nc5 50. Nc7 Ke7 51. Nd5+ Kd8 52. Ne3 Ne4 53. Nxc4 Nxc3+ 54. Ke3 h5 55. Kf4 Nd5+ 56. Kg3 Kc8 57. Nd6+ Kb8 58. Nf5 Kb7 59. Ng7 1/2-1/2

[Event "Sunningdale e2e4 op"]
[Site "Ascot"]
[Date "2013.05.27"]
[Round "7"]
[White "McCullough, Simon L"]
[Black "McKerracher, Douglas"]
[Result "1-0"]
[WhiteElo "2070"]
[BlackElo "2053"]
[PlyCount "67"]
[EventDate "2013.05.24"]
[EventType "swiss"]
[EventRounds "7"]
[EventCountry "ENG"]
[SourceTitle "CBM 154 Extra"]
[Source "ChessBase"]
[SourceDate "2013.06.25"]
[SourceVersion "2"]
[SourceVersionDate "2013.06.25"]
[SourceQuality "1"]

1. e4 d5 2. exd5 Qxd5 3. Nc3 Qa5 4. b4 Qxb4 5. Rb1 Qd6 6. Nf3 Nf6 7. Bc4 a6 8. a4 Nc6 9. 0-0 e6 10. d4 Nd5 11. Ne4 Qd8 12. Bd2 Be7 13. Re1 Nb6 14. Bd3 Nxd4 15. Nxd4 Qxd4 16. Bc3 Qd8 17. Bxg7 Rg8 18. Ba1 Nd5 19. Qf3 Rg6 20. Ng3 Rh6 21. Red1 Bd7 22. Qg4 Bg5 23. c4 Nf4 24. Qf3 c6 25. Ne4 Nxd3 26. Nd6+ Ke7 27. Rxd3 f6 28. Rbd1 Qc7 29. Be5 Qa5 30. Bc3 Qb6 31. Nf5+ exf5 32. Rxd7+ Kf8 33. Qxf5 Re8 34. Rb1 1-0

[Event "Sunningdale e2e4 op"]
[Site "Ascot"]
[Date "2013.05.25"]
[Round "2"]
[White "Eggleston, David"]
[Black "McCullough, Simon L"]
[Result "1-0"]
[WhiteElo "2354"]
[BlackElo "2070"]
[PlyCount "131"]
[EventDate "2013.05.24"]
[EventType "swiss"]
[EventRounds "7"]
[EventCountry "ENG"]
[SourceTitle "CBM 154 Extra"]
[Source "ChessBase"]
[SourceDate "2013.06.25"]
[SourceVersion "2"]
[SourceVersionDate "2013.06.25"]
[SourceQuality "1"]

1. e4 c5 2. Nf3 d6 3. d4 cxd4 4. Nxd4 Nf6 5. Nc3 g6 6. Be3 Bg7 7. f3 0-0 8. Qd2 Nc6 9. 0-0-0 d5 10. exd5 Nxd5 11. Nxc6 bxc6 12. Bd4 e5 13. Bc5 Rb8 14. Bc4 e4 15. Bxd5 cxd5 16. Bd4 exf3 17. gxf3 Bxd4 18. Qxd4 Be6 19. h4 h5 20. Rhg1 Qb6 21. Qxb6 Rxb6 22. Nxd5 Bxd5 23. Rxd5 Rf6 24. Rxh5 Rxf3 25. Ra5 Rc8 26. Rxa7 Rf2 27. c3 Rb8 28. b3 Rh2 29. Rf1 Re8 30. Kb1 Ree2 31. c4 Rb2+ 32. Ka1 Rbc2 33. c5 Rxh4 34. Raxf7 Rxc5 35. Ra7 g5 36. Rd1 Rf5 37. Rd8+ Rf8 38. Rd2 Rhf4 39. Ra5 R8f5 40. Rxf5 Rxf5 41. Rg2 Kf7 42. Kb2 Ke6 43. a4 Kd5 44. Rg4 Kc5 45. Ka3 Kb6 46. Kb4 Ka6 47. Re4 Rf6 48. Rg4 Rf5 49. Kc4 Ka5 50. Rd4 Kb6 51. Rd6+ Kc7 52. Rg6 Rf4+ 53. Kb5 Rf5+ 54. Kb4 Rf4+ 55. Ka5 Rf5+ 56. Ka6 Rf3 57. b4 Rf4 58. Ka5 g4 59. Rg5 Re4 60. Kb5 Kd6 61. Rg6+ Kc7 62. a5 Kb7 63. a6+ Ka7 64. Rg7+ Ka8 65. Ka5 Re5+ 66. b5 1-0

[Event "BCF-ch Major op"]
[Site "North Shields"]
[Date "2012.08.03"]
[Round "11.42"]
[White "McCullough, Simon L"]
[Black "Garnett, John S"]
[Result "1/2-1/2"]
[WhiteElo "2065"]
[BlackElo "2031"]
[PlyCount "21"]
[EventDate "2012.07.23"]
[EventType "swiss"]
[EventRounds "11"]
[EventCountry "ENG"]
[SourceTitle "EXT 2023"]
[Source "ChessBase"]
[SourceDate "2022.10.05"]
[SourceVersion "1"]
[SourceVersionDate "2022.10.05"]
[SourceQuality "1"]

1. Nf3 Nf6 2. d4 g6 3. g3 Bg7 4. Bg2 0-0 5. c4 d5 6. cxd5 Nxd5 7. 0-0 c6 8. Nc3 Nxc3 9. bxc3 Nd7 10. e4 e5 11. Bg5 1/2-1/2

[Event "BCF-ch Major op"]
[Site "North Shields"]
[Date "2012.07.31"]
[Round "8.42"]
[White "McCullough, Simon L"]
[Black "Waddington, Mike P"]
[Result "1-0"]
[WhiteElo "2065"]
[BlackElo "2123"]
[PlyCount "79"]
[EventDate "2012.07.23"]
[EventType "swiss"]
[EventRounds "11"]
[EventCountry "ENG"]
[SourceTitle "EXT 2023"]
[Source "ChessBase"]
[SourceDate "2022.10.05"]
[SourceVersion "1"]
[SourceVersionDate "2022.10.05"]
[SourceQuality "1"]

1. e4 c5 2. Nf3 Nc6 3. d4 cxd4 4. c3 dxc3 5. Nxc3 d6 6. Bc4 e6 7. 0-0 Nf6 8. Qe2 Be7 9. Rd1 e5 10. h3 0-0 11. a3 Be6 12. Be3 Rc8 13. Bd5 Bxd5 14. exd5 Na5 15. Bxa7 Nd7 16. Qb5 Nc4 17. Na4 Ra8 18. Qxc4 Rxa7 19. Rac1 f5 20. Nc3 Ra8 21. Qb4 Qb6 22. Qb5 Rfd8 23. Rc2 Ra5 24. Qe2 Bf6 25. Nd2 Rc5 26. Qf3 g6 27. Na4 Qa7 28. Nxc5 dxc5 29. Qb3 Kg7 30. Qb5 e4 31. Nc4 b6 32. Qc6 Bd4 33. a4 Rf8 34. d6 Rf6 35. b3 Rf7 36. Na3 Qa5 37. Qb5 Qa8 38. Nc4 Qd5 39. Rcd2 f4 40. Rxd4 1-0

[Event "GBR-ch Major 98th"]
[Site "Sheffield"]
[Date "2011.07.27"]
[Round "4"]
[White "Dale, Hannah"]
[Black "McCullough, Simon L"]
[Result "0-1"]
[WhiteElo "1803"]
[BlackElo "2068"]
[PlyCount "106"]
[EventDate "2011.07.25"]
[EventType "swiss"]
[EventRounds "11"]
[EventCountry "ENG"]
[SourceTitle "EXT 2012"]
[Source "ChessBase"]
[SourceDate "2011.11.24"]
[SourceVersion "1"]
[SourceVersionDate "2011.11.24"]
[SourceQuality "1"]

1. d4 Nf6 2. c4 e6 3. Nc3 Bb4 4. Qc2 d5 5. e3 c5 6. a3 Bxc3+ 7. bxc3 0-0 8. Bd3 Nbd7 9. Nf3 dxc4 10. Bxc4 b6 11. 0-0 Bb7 12. Qe2 Ne4 13. Bb2 Qc7 14. Rac1 Nd6 15. Nd2 Nxc4 16. Qxc4 b5 17. Qe2 c4 18. f3 e5 19. a4 a6 20. axb5 axb5 21. Ra1 Nb6 22. Ba3 Rfe8 23. Qf2 Na4 24. Rfc1 e4 25. f4 Bd5 26. Nb1 Ra6 27. Bb4 Rea8 28. Na3 Qd7 29. Rc2 Rg6 30. Qh4 h6 31. h3 Kh7 32. Kh2 f5 33. Rg1 Be6 34. Qf2 Rg8 35. g3 Rf6 36. h4 g5 37. hxg5 hxg5 38. Kg2 Rh6 39. Rh1 Rxh1 40. Kxh1 Qe8 41. Qg1 Rg6 42. fxg5 Rxg5 43. Rh2+ Kg8 44. Rh4 Qg6 45. Kh2 Bd7 46. Qg2 Nb6 47. Nc2 Nd5 48. Qh3 Nf6 49. Rh8+ Kg7 50. Bf8+ Kf7 51. Kh1 f4 52. Qh4 Rxg3 53. Qh2 Bg4 0-1

[Event "GBR-ch Major 98th"]
[Site "Sheffield"]
[Date "2011.07.26"]
[Round "2"]
[White "Guo, Xi Yang"]
[Black "McCullough, Simon L"]
[Result "1-0"]
[WhiteElo "1848"]
[BlackElo "2068"]
[PlyCount "51"]
[EventDate "2011.07.25"]
[EventType "swiss"]
[EventRounds "11"]
[EventCountry "ENG"]
[SourceTitle "EXT 2012"]
[Source "ChessBase"]
[SourceDate "2011.11.24"]
[SourceVersion "1"]
[SourceVersionDate "2011.11.24"]
[SourceQuality "1"]

1. c4 Nf6 2. Nc3 e6 3. Nf3 d5 4. cxd5 exd5 5. d4 Be7 6. Bg5 0-0 7. e3 c6 8. Qc2 h6 9. Bh4 Be6 10. Bd3 Re8 11. 0-0 Nbd7 12. h3 g5 13. Bg3 Nh5 14. Bh2 Kh8 15. Ne5 Nxe5 16. dxe5 Qd7 17. Ne2 g4 18. hxg4 Bxg4 19. f3 Bh3 20. Qc3 f6 21. Bg6 Rg8 22. Bxh5 Rxg2+ 23. Kh1 Rxe2 24. exf6 Bxf1 25. f7+ Kh7 26. Qd3+ 1-0

[Event "Sunningdale e2e4 op"]
[Site "Ascot"]
[Date "2011.05.28"]
[Round "2"]
[White "Fowler, David W"]
[Black "McCullough, Simon L"]
[Result "0-1"]
[WhiteElo "1881"]
[BlackElo "2037"]
[PlyCount "106"]
[EventDate "2011.05.27"]
[EventType "swiss"]
[EventRounds "7"]
[EventCountry "ENG"]
[SourceTitle "CBM 142 Extra"]
[Source "ChessBase"]
[SourceDate "2011.06.27"]
[SourceVersion "1"]
[SourceVersionDate "2011.06.27"]
[SourceQuality "1"]

1. e4 c5 2. Nf3 e6 3. c3 Nf6 4. e5 Nd5 5. d4 cxd4 6. cxd4 Nc6 7. Bc4 Nb6 8. Bb3 d6 9. 0-0 Be7 10. Nc3 0-0 11. Bf4 d5 12. Bc2 f5 13. exf6 Bxf6 14. Bg3 a6 15. Qd3 g6 16. a3 Nc4 17. b3 Nd6 18. Qe3 Ne7 19. Be5 Ndf5 20. Bxf5 Nxf5 21. Qd3 Bd7 22. Bxf6 Qxf6 23. Ne5 Be8 24. a4 Rc8 25. Rac1 Nd6 26. f3 b5 27. Rfe1 Qg5 28. Qd1 Nf5 29. axb5 axb5 30. b4 Qh4 31. g4 Nd6 32. Ne2 Nc4 33. Ng3 Nxe5 34. Rxe5 Rxc1 35. Qxc1 Rxf3 36. Qc8 Rf8 37. Qxe6+ Bf7 38. Qd7 Rd8 39. Qc7 Ra8 40. Qd7 Ra1+ 41. Kg2 Rb1 42. Re7 Qf6 43. g5 Rb2+ 44. Kh3 Qf2 45. Kg4 Rxb4 46. Ne2 Qg2+ 47. Kh4 Qxh2+ 48. Kg4 Qg2+ 49. Kh4 Qf2+ 50. Kg4 Rb3 51. Qd8+ Kg7 52. Qd7 Qf3+ 53. Kh4 Qh5# 0-1

[Event "GBR-ch 97th"]
[Site "Canterbury"]
[Date "2010.08.06"]
[Round "11"]
[White "Doran, Chris"]
[Black "McCullough, Simon L"]
[Result "1/2-1/2"]
[WhiteElo "1997"]
[BlackElo "2030"]
[PlyCount "90"]
[EventDate "2010.07.26"]
[EventType "swiss"]
[EventRounds "11"]
[EventCountry "ENG"]
[SourceTitle "CBM 137 Extra"]
[Source "ChessBase"]
[SourceDate "2010.09.01"]
[SourceVersion "1"]
[SourceVersionDate "2010.09.01"]
[SourceQuality "1"]

1. e4 c6 2. d4 d5 3. e5 c5 4. c4 e6 5. cxd5 exd5 6. Nc3 Be6 7. Nf3 Nc6 8. Bb5 h6 9. 0-0 g5 10. dxc5 Bxc5 11. Nd4 Bxd4 12. Qxd4 Nge7 13. f4 g4 14. f5 Bxf5 15. Be3 Be6 16. Na4 Qa5 17. Qd3 a6 18. Bxc6+ Nxc6 19. Nc5 0-0-0 20. Rfc1 d4 21. Bf4 Kb8 22. a3 Qb5 23. Nxa6+ Qxa6 24. Qxa6 bxa6 25. Rxc6 Kb7 26. Rac1 Rd5 27. Rd6 Rxd6 28. exd6 d3 29. Kf2 h5 30. Ke3 h4 31. Kxd3 Rh5 32. Rc7+ Ka8 33. Ke4 Rd5 34. Re7 h3 35. gxh3 gxh3 36. b4 a5 37. bxa5 Rxa5 38. d7 Ra4+ 39. Kd3 Bxd7 40. Rxd7 Rxf4 41. Ke3 Rf1 42. Rd2 Ra1 43. Rd8+ Kb7 44. Rd7+ Kc6 45. Rxf7 Rxa3+ 1/2-1/2

[Event "GBR-ch 97th"]
[Site "Canterbury"]
[Date "2010.07.31"]
[Round "6"]
[White "McCullough, Simon L"]
[Black "Henderson, Ian"]
[Result "1/2-1/2"]
[WhiteElo "2030"]
[BlackElo "2108"]
[PlyCount "44"]
[EventDate "2010.07.26"]
[EventType "swiss"]
[EventRounds "11"]
[EventCountry "ENG"]
[SourceTitle "CBM 137 Extra"]
[Source "ChessBase"]
[SourceDate "2010.09.01"]
[SourceVersion "1"]
[SourceVersionDate "2010.09.01"]
[SourceQuality "1"]

1. e4 d5 2. exd5 Nf6 3. d4 Bg4 4. f3 Bf5 5. c4 e6 6. dxe6 Bb4+ 7. Nc3 Qe7 8. Bd3 Bxd3 9. Qxd3 Nc6 10. Nge2 0-0-0 11. 0-0 Nxd4 12. Nxd4 Rxd4 13. Qe2 Bxc3 14. bxc3 Rd6 15. Qf2 Qxe6 16. Rb1 Rb6 17. Be3 Rxb1 18. Rxb1 Re8 19. Bxa7 Qxc4 20. Bd4 Re2 21. Qg3 Qxa2 22. Rf1 Ne8 1/2-1/2

[Event "GBR-ch 97th"]
[Site "Canterbury"]
[Date "2010.07.27"]
[Round "2"]
[White "Jaunooby, Ali Reza"]
[Black "McCullough, Simon L"]
[Result "1-0"]
[WhiteElo "2155"]
[BlackElo "2030"]
[PlyCount "91"]
[EventDate "2010.07.26"]
[EventType "swiss"]
[EventRounds "11"]
[EventCountry "ENG"]
[SourceTitle "CBM 137 Extra"]
[Source "ChessBase"]
[SourceDate "2010.09.01"]
[SourceVersion "1"]
[SourceVersionDate "2010.09.01"]
[SourceQuality "1"]

1. d4 d5 2. Nf3 Nf6 3. Bg5 e6 4. e3 Be7 5. Nbd2 Nbd7 6. Bd3 0-0 7. c3 b6 8. Qc2 h6 9. Bh4 Bb7 10. Rg1 c5 11. g4 c4 12. Be2 Ne4 13. Bxe7 Qxe7 14. Nxe4 dxe4 15. Nd2 b5 16. Nxe4 f5 17. gxf5 exf5 18. Ng3 Be4 19. Qd2 Rad8 20. Nh5 Rf7 21. Nf4 Qh4 22. h3 Ne5 23. Rg3 Kh7 24. 0-0-0 g5 25. Ne6 Rd6 26. Nc5 Rc7 27. Qe1 Nd3+ 28. Bxd3 Bxd3 29. Nxd3 cxd3 30. Qd2 b4 31. Qxd3 bxc3 32. Qxf5+ Kg8 33. Rd3 cxb2+ 34. Kxb2 Qh5 35. Rf3 Qe8 36. e4 Re6 37. Qd5 Rd7 38. Qc4 Kh7 39. e5 Rde7 40. Rb3 a5 41. Rb5 a4 42. Qxa4 Qh5 43. Qc2+ Kg7 44. Qf5 Qe8 45. Rfb3 Qc8 46. d5 1-0

[Event "BCF-chT3 0910 (4NCL)"]
[Site "England"]
[Date "2010.02.20"]
[Round "5.4"]
[White "Davies, Peter L"]
[Black "McCullough, Simon L"]
[Result "0-1"]
[WhiteElo "1994"]
[BlackElo "1986"]
[PlyCount "122"]
[EventDate "2009.10.24"]
[EventType "team-tourn"]
[EventRounds "11"]
[EventCountry "ENG"]
[SourceTitle "EXT 2011"]
[Source "ChessBase"]
[SourceDate "2010.11.26"]
[SourceVersion "1"]
[SourceVersionDate "2010.11.26"]
[SourceQuality "1"]
[WhiteTeam "The Full Ponty"]
[BlackTeam "Sambuca Black Sheep"]
[WhiteTeamCountry "ENG"]
[BlackTeamCountry "ENG"]

1. c4 Nf6 2. Nc3 c5 3. g3 g6 4. Bg2 Bg7 5. Nf3 Nc6 6. 0-0 0-0 7. d3 d6 8. Rb1 Rb8 9. a3 b6 10. b4 Bb7 11. e4 e6 12. b5 Nd4 13. Nxd4 cxd4 14. Ne2 Nd7 15. Bf4 e5 16. Bd2 f5 17. f3 Nc5 18. Qc2 Qe7 19. Rbe1 fxe4 20. fxe4 Rxf1+ 21. Rxf1 Rf8 22. Rxf8+ Qxf8 23. g4 Bc8 24. h3 Be6 25. Ng3 Qd8 26. g5 Qd7 27. Kh2 Qf7 28. Kg1 Bf8 29. Nh1 Qb7 30. Nf2 Be7 31. h4 a6 32. bxa6 Qxa6 33. Bb4 Bd7 34. Bf3 b5 35. cxb5 Bxb5 36. Be2 Kg7 37. Kg2 Ne6 38. Nh3 Bc6 39. Qb3 Bxe4+ 40. Kh2 Bf5 41. Nf2 Nf4 42. Qc2 Qb7 43. Bf1 Qf3 44. Be1 Bxd3 45. Nxd3 Qxf1 46. Nxf4 Qxf4+ 47. Bg3 Qf7 48. Qc7 Qa2+ 49. Kg1 Kf7 50. Bxe5 Qa1+ 51. Kg2 Qa2+ 52. Kg1 dxe5 53. Qxe5 Qb1+ 54. Kg2 Qc2+ 55. Kh1 Qc6+ 56. Kg1 Qd6 57. Qh8 Qg3+ 58. Kf1 Qxh4 59. Qc8 Bxg5 60. Qc4+ Kg7 61. a4 Qf4+ 0-1

[Event "BCF-chT3 0910 (4NCL)"]
[Site "England"]
[Date "2010.01.16"]
[Round "3.3"]
[White "McCullough, Simon L"]
[Black "Ruthen, Stephen W"]
[Result "1-0"]
[WhiteElo "1986"]
[BlackElo "2093"]
[PlyCount "137"]
[EventDate "2009.10.24"]
[EventType "team-tourn"]
[EventRounds "11"]
[EventCountry "ENG"]
[SourceTitle "EXT 2011"]
[Source "ChessBase"]
[SourceDate "2010.11.26"]
[SourceVersion "1"]
[SourceVersionDate "2010.11.26"]
[SourceQuality "1"]
[WhiteTeam "Sambuca Black Sheep"]
[BlackTeam "Iceni"]
[WhiteTeamCountry "ENG"]
[BlackTeamCountry "ENG"]

1. e4 e5 2. Nf3 Nc6 3. c3 d5 4. Qa4 Bd7 5. exd5 Nd4 6. Qd1 Nxf3+ 7. Qxf3 Nf6 8. Bc4 e4 9. Qe2 Bc5 10. d4 Bd6 11. Bg5 Qe7 12. Nd2 0-0-0 13. 0-0 Rde8 14. Rae1 h6 15. Bxf6 Qxf6 16. Nxe4 Bxh2+ 17. Kxh2 Qh4+ 18. Kg1 f5 19. Bb5 fxe4 20. Bxd7+ Kxd7 21. Qb5+ Kc8 22. Qc5 Kb8 23. d6 c6 24. d7 Re6 25. Re3 Rd8 26. Qf5 Qf6 27. Qxf6 Rxf6 28. Rxe4 Rxd7 29. Rfe1 Kc7 30. Re7 Rf7 31. Rxf7 Rxf7 32. Re6 Kd7 33. Rg6 Re7 34. f4 Ke8 35. Kf2 Kf7 36. Rd6 Ke8 37. d5 cxd5 38. Rxd5 Kf7 39. Rd6 Ke8 40. g4 Re4 41. Rd4 Re7 42. Ra4 a6 43. Rb4 Kd8 44. Rb6 Kc7 45. Rg6 Kd7 46. Kf3 Ke8 47. f5 Kf7 48. Rb6 Kf8 49. Kf4 Kf7 50. b3 Kf8 51. c4 Rc7 52. Ke5 Kf7 53. Kd6 Re7 54. Kc5 Rc7+ 55. Kb4 Re7 56. Kc3 Ke8 57. Kd4 Kd8 58. Rg6 Kc7 59. Kd5 Kd7 60. c5 Rf7 61. c6+ bxc6+ 62. Rxc6 h5 63. Rxa6 hxg4 64. Ra7+ Ke8 65. Rxf7 Kxf7 66. Ke4 g3 67. Kf3 Kf6 68. Kxg3 Kxf5 69. a4 1-0

[Event "GBR-ch 95th"]
[Site "Liverpool"]
[Date "2008.08.05"]
[Round "8"]
[White "Cox, Tristan"]
[Black "McCullough, Simon L"]
[Result "1-0"]
[WhiteElo "2144"]
[BlackElo "1910"]
[PlyCount "39"]
[EventDate "2008.07.28"]
[EventType "swiss"]
[EventRounds "11"]
[EventCountry "ENG"]
[SourceTitle "CBM 125 Extra"]
[Source "ChessBase"]
[SourceDate "2008.09.01"]
[SourceVersion "1"]
[SourceVersionDate "2008.09.01"]
[SourceQuality "1"]

1. Nf3 Nf6 2. c4 e6 3. Nc3 d5 4. d4 Be7 5. Bf4 0-0 6. e3 Nbd7 7. Rc1 c5 8. dxc5 Nxc5 9. cxd5 exd5 10. Be2 Qb6 11. Be5 Be6 12. 0-0 Rad8 13. Nb5 Na6 14. Bd4 Bc5 15. Rxc5 Nxc5 16. b4 Nfd7 17. bxc5 Qa5 18. Bc3 Qxa2 19. Qd4 Nf6 20. Bd3 1-0

[Event "GBR-ch 95th"]
[Site "Liverpool"]
[Date "2008.08.04"]
[Round "7"]
[White "Coates, David H"]
[Black "McCullough, Simon L"]
[Result "1-0"]
[WhiteElo "2037"]
[BlackElo "1910"]
[PlyCount "66"]
[EventDate "2008.07.28"]
[EventType "swiss"]
[EventRounds "11"]
[EventCountry "ENG"]
[SourceTitle "CBM 125 Extra"]
[Source "ChessBase"]
[SourceDate "2008.09.01"]
[SourceVersion "1"]
[SourceVersionDate "2008.09.01"]
[SourceQuality "1"]

1. e4 c5 2. Nf3 e6 3. d4 cxd4 4. Nxd4 Nf6 5. Nc3 Bb4 6. e5 Nd5 7. Bd2 Bxc3 8. Bxc3 Nxc3 9. bxc3 Qa5 10. Qf3 Qxe5+ 11. Be2 0-0 12. 0-0 Nc6 13. Rad1 Nxd4 14. cxd4 Qa5 15. Bc4 d5 16. Bd3 g6 17. Rfe1 Bd7 18. Rb1 a6 19. Qf6 Bc6 20. h4 Qd8 21. Qf4 h5 22. c3 Kg7 23. Re3 Qf6 24. Qg3 Kg8 25. Rbe1 Rae8 26. Re5 Kh8 27. Be2 Qg7 28. Rg5 Qh7 29. Bf3 Rg8 30. Qf4 Ref8 31. Ree5 f5 32. Rxe6 Bd7 33. Qe5+ Rg7 1-0

[Event "GBR-ch 95th"]
[Site "Liverpool"]
[Date "2008.07.30"]
[Round "3"]
[White "Venkataramanan, TS."]
[Black "McCullough, Simon L"]
[Result "1-0"]
[WhiteElo "2247"]
[BlackElo "1910"]
[PlyCount "55"]
[EventDate "2008.07.28"]
[EventType "swiss"]
[EventRounds "11"]
[EventCountry "ENG"]
[SourceTitle "CBM 125 Extra"]
[Source "ChessBase"]
[SourceDate "2008.09.01"]
[SourceVersion "1"]
[SourceVersionDate "2008.09.01"]
[SourceQuality "1"]

1. e4 e6 2. d4 d5 3. Nd2 Nf6 4. e5 Nfd7 5. Bd3 c5 6. c3 Nc6 7. Ne2 cxd4 8. cxd4 Be7 9. Nf3 Nb4 10. Bb1 b6 11. 0-0 g5 12. Ne1 Ba6 13. f4 gxf4 14. Bxf4 Bg5 15. Nd3 Nxd3 16. Bxd3 Bxd3 17. Qxd3 Bxf4 18. Nxf4 Rc8 19. Rf3 Qg5 20. Raf1 Qh6 21. Qb5 Rg8 22. Rh3 Qg7 23. Rg3 Qh8 24. Nh5 Rxg3 25. Rxf7 Kxf7 26. Qxd7+ Kg6 27. Nf4+ Kg5 28. Qf7 1-0